Kriminologie: eine Einführung in die Grundlagen
| 1. VerfasserIn: | |
|---|---|
| Medienart: | Druck Buch |
| Sprache: | Deutsch |
| Veröffentlicht: |
Heidelberg
Müller
1997
|
| In: | Jahr: 1997 |
| Ausgabe: | 10., völlig neubearb. Aufl. |
| Online-Zugang: |
Inhaltsverzeichnis Inhaltsverzeichnis |
| Bestand in Tübingen: | In Tübingen vorhanden. IFK: A I 160 |
| Verfügbarkeit prüfen: | HBZ Gateway |
| Subito Bestelldienst: | Jetzt bestellen. |
| Schlagwörter: |
MARC
| LEADER | 00000cam a2200000 c 4500 | ||
|---|---|---|---|
| 001 | 235663301 | ||
| 003 | DE-627 | ||
| 005 | 20260206201249.0 | ||
| 007 | tu | ||
| 008 | 971023s1997 gw ||||| 00| ||ger c | ||
| 016 | 7 | |a 1074204131 |2 DE-101 | |
| 020 | |a 3825205940 |9 3-8252-0594-0 | ||
| 035 | |a (DE-627)235663301 | ||
| 035 | |a (DE-603)053529707 | ||
| 035 | |a (DE-576)060297069 | ||
| 035 | |a (DE-599)GBV235663301 | ||
| 035 | |a (OCoLC)258358030 | ||
| 035 | |a (OCoLC)68176303 | ||
| 035 | |a (DE-604)8114760098 | ||
| 040 | |a DE-627 |b ger |c DE-627 |e rakwb | ||
| 041 | |a ger | ||
| 044 | |c XA-DE | ||
| 082 | 0 | 4 | |a 360 |
| 084 | |a Fao |2 asb | ||
| 084 | |a PH 8030 |2 rvk |0 (DE-625)rvk/136484: | ||
| 084 | |a MS 6380 |2 rvk |0 (DE-625)rvk/123753: | ||
| 084 | |a 86.41 |2 bkl | ||
| 100 | 1 | |a Kaiser, Günther |d 1928-2007 |0 (DE-588)120806045 |0 (DE-627)080898319 |0 (DE-576)16163544X |4 aut | |
| 109 | |a Kaiser, Günther 1928-2007 |a Kajzer, Ginter 1928-2007 |a Kaiser, Günter 1928-2007 | ||
| 245 | 1 | 0 | |a Kriminologie |b eine Einführung in die Grundlagen |c Günther Kaiser |
| 250 | |a 10., völlig neubearb. Aufl. | ||
| 264 | 1 | |a Heidelberg |b Müller |c 1997 | |
| 300 | |a XXIV, 488 S. |b graph. Darst. | ||
| 336 | |a Text |b txt |2 rdacontent | ||
| 337 | |a ohne Hilfsmittel zu benutzen |b n |2 rdamedia | ||
| 338 | |a Band |b nc |2 rdacarrier | ||
| 490 | 0 | |a UTB für Wissenschaft |a Uni-Taschenbücher |v 594 | |
| 500 | |a Literaturangaben | ||
| 505 | 8 | |a Literaturangaben | |
| 583 | 1 | |a Archivierung/Langzeitarchivierung gewährleistet |f PEBW |x XA-DE-BW |2 pdager |5 DE-31 | |
| 650 | 0 | 7 | |0 (DE-588)4033197-0 |0 (DE-627)106258532 |0 (DE-576)209000562 |a Kriminologie |2 gnd |
| 650 | 4 | |a Kontrolltheorie, Korruption, organisierte Kriminalität, Kriegsverbrechen, Gewalttat, Entwicklung, Feldforschung, Strafverfahren, Opfer | |
| 651 | 7 | |0 (DE-588)4011882-4 |0 (DE-627)104704861 |0 (DE-576)208896155 |a Deutschland |2 gnd | |
| 655 | 7 | |a Einführung |0 (DE-588)4151278-9 |0 (DE-627)104450460 |0 (DE-576)209786884 |2 gnd-content | |
| 655 | 7 | |a Lehrbuch |0 (DE-588)4123623-3 |0 (DE-627)104270187 |0 (DE-576)209561262 |2 gnd-content | |
| 689 | 0 | 0 | |d s |0 (DE-588)4033197-0 |0 (DE-627)106258532 |0 (DE-576)209000562 |a Kriminologie |2 gnd |
| 689 | 0 | |5 (DE-627) | |
| 856 | 4 | 2 | |u http://www.gbv.de/dms/hebis-mainz/toc/053529707.pdf |m V:DE-603 |m B:DE-77 |q pdf/application |x Verlag |y Inhaltsverzeichnis |3 Inhaltsverzeichnis |7 1 |
| 856 | 4 | 2 | |u http://scans.hebis.de/HEBCGI/show.pl?05352970_toc.pdf |m V:DE-603;B:DE-17 |q application/pdf |3 Inhaltsverzeichnis |7 1 |
| 935 | |i Blocktest | ||
| 936 | r | v | |a PH 8030 |b Handbücher, Lehrbücher, Gesamtdarstellungen etc. zur gesamten Kriminologie und deren Einzelgebieten |k Rechtswissenschaft |k Strafrecht, Strafverfahrensrecht, Kriminologie |k Kriminologie |k Allgemeines |k Handbücher, Lehrbücher, Gesamtdarstellungen etc. zur gesamten Kriminologie und deren Einzelgebieten |0 (DE-627)1271948230 |0 (DE-625)rvk/136484: |0 (DE-576)201948230 |
| 936 | r | v | |a MS 6380 |b Kriminalität, Gefängnis, Erziehungsheim |k Soziologie |k Spezielle Soziologien |k Soziale Probleme |k Kriminalität, Gefängnis, Erziehungsheim |0 (DE-627)1271441438 |0 (DE-625)rvk/123753: |0 (DE-576)201441438 |
| 936 | b | k | |a 86.41 |j Kriminologie |0 (DE-627)181572001 |
| 936 | s | n | |a m200 |2 mzub |
| 936 | s | n | |a p100 |2 mzub |
| 951 | |a BO | ||
| ELC | |b 1 | ||
| LOK | |0 000 xxxxxcx a22 zn 4500 | ||
| LOK | |0 001 3196761525 | ||
| LOK | |0 003 DE-627 | ||
| LOK | |0 004 235663301 | ||
| LOK | |0 005 20260430141150 | ||
| LOK | |0 008 150319||||||||||||||||ger||||||| | ||
| LOK | |0 040 |a DE-21-110 |c DE-627 |d DE-21-110 | ||
| LOK | |0 689 |a s |a Kriminologie | ||
| LOK | |0 852 |a DE-21-110 | ||
| LOK | |0 852 1 |c A I 160 |m p |9 00 | ||
| LOK | |0 938 |k p | ||
| LOK | |0 939 |a 2015-03-19 |b l01 | ||
| ORI | |a WA-MARC-krimdoka001.raw | ||
| SIG | |a IFK: A I 160 | ||
